Aires de la tierra. Imaginarios sonoros de la nación en América Latina.
Enregistré dans:
| Autres auteurs: | , |
|---|---|
| Format: | Inconnue |
| Langue: | anglais |
| Publié: |
Madrid, España:
Sílex Ediciones,
2022.
|
| Collection: | Colección Sílex Ultramar,
|
| Sujets: | |
| Tags: |
Ajouter un tag
Pas de tags, Soyez le premier à ajouter un tag!
|
MARC
| LEADER | 00000 a2200000 4500 | ||
|---|---|---|---|
| 003 | CL-VaPUC | ||
| 005 | 20240412115430.0 | ||
| 008 | 240301b ||||| |||| 00| 0 eng d | ||
| 999 | |c 443073 |d 443071 | ||
| 020 | |a 978-84-19077-74-5 | ||
| 040 | |c Pontificia Universidad Católica de Valparaíso | ||
| 082 | |2 22 |a 780.98 BAR 2022 | ||
| 100 | |a Borras, Gérard |9 887439 |e editor | ||
| 245 | |a Aires de la tierra. |b Imaginarios sonoros de la nación en América Latina. | ||
| 260 | |a Madrid, España: |b Sílex Ediciones, |c 2022. | ||
| 300 | |a 319 páginas. | ||
| 490 | |a Colección Sílex Ultramar, |n 11. | ||
| 500 | |a c.2 Donación Laura Jordan. MEMO EDU /01 - 3-4-2024 | ||
| 583 | |k GC |c 20240301 | ||
| 650 | 0 | |9 328754 |a Música latinoamericana |x Canciones |v Análisis del discurso |y Siglos 20-21 | |
| 650 | 0 | |9 306269 |a Música |v Análisis social y cultural |y Siglos 20-21 |z América Latina | |
| 700 | |9 887455 |a Mendívil, Julio |e editor | ||
| 942 | |2 ddc |c BK | ||
| 952 | |0 0 |1 0 |2 ddc |4 0 |6 780_980000000000000_BAR_2022 |7 0 |8 A |9 593482 |a BIBEDU |b BIBEDU |c GEN |d 2024-01-31 |e 3 |g 26248.00 |i 5660106 |o 780.98 BAR 2022 |p 5660106 |r 2024-04-11 |t 1 |v 26248.00 |w 2024-01-31 |y BK |k MUS | ||
| 952 | |0 0 |1 0 |2 ddc |4 0 |6 780_980000000000000_BAR_2022 |7 0 |8 A |9 594047 |a BIBEDU |b BIBEDU |d 2024-04-12 |e Donación |i 5660668 |o 780.98 BAR 2022 |p 5660668 |r 2024-04-12 |t 2 |w 2024-04-12 |y BK |k MUS | ||